Estatísticas para Países que começam com A

Clique aqui para jogar o quiz

Estatísticas Gerais

  • Esse quiz foi jogado 27 717 vezes
  • A pontuação média é 10 de 14

Estatísticas das Respostas

País% Correto
Austrália
88%
Alemanha
87%
Argentina
84%
Áustria
81%
Albânia
74%
Andorra
74%
Argélia
74%
Armênia
74%
Afeganistão
69%
Angola
68%
Azerbaijão
66%
África do Sul
61%
Antígua e Barbuda
53%
Arábia Saudita
51%

Distribuição das Pontuações

Percentil de Números Respondidos

Porcentagem de Pessoas com Cada Pontuação

Sua Pontuação Histórica

Você não jogou esse quiz